People in History A-Z #4 - Statistics

General Stats
  • This quiz has been taken 22,903 times
    22,845 since last reset
  • The average score is 14 of 26
Answer Stats
Letter Hint Answer % Correct
M Chairman of communist China Mao Zedong
91%
V Dutch painter who cut off his own ear Vincent van Gogh
90%
J Female fighter in the Hundred Years' War Joan of Arc
87%
P Greek philosopher who spoke of shadows on a cave wall Plato
77%
R Russian advisor to Nicholas II, assassinated in 1916 Rasputin
75%
F Gunpowder plotter of 1605 Guy Fawkes
74%
N German philosopher who famously claimed God is dead Friedrich Nietzsche
72%
A Dictator of Uganda Idi Amin
69%
O Greek shipping magnate and second husband of Jacqueline Bouvier Aristotle Onassis
65%
T First black Archbishop of Cape Town Desmond Tutu
61%
E Co-author of "The Communist Manifesto" Friedrich Engels
61%
H Author of "A Farewell to Arms" Ernest Hemingway
58%
W General who defeated Napoleon at Waterloo Arthur Wellesley
56%
Q Vice President to George Bush Dan Quayle
52%
L Scottish explorer of Africa during the 19th century David Livingstone
52%
Y He brought the Mormons to Utah Brigham Young
49%
G French painter who traveled to Tahiti Paul Gauguin
49%
S Author of "The Wealth of Nations" Adam Smith
45%
B She played the female lead in "Casablanca" Ingrid Bergman
44%
Z A leading figure in the Mexican Revolution of 1910–1920 Emiliano Zapata
38%
D President of the Confederacy during the U.S. Civil War Jefferson Davis
38%
X Co-founder of the Jesuit order Francis Xavier
34%
K Australia's most famous "bushranger" Ned Kelly
27%
C Poet who wrote "The Rime of the Ancient Mariner" Samuel Taylor Coleridge
27%
I Writer who created Rip Van Winkle and the Headless Horseman Washington Irving
27%
U Bathesheba's unlucky husband (Biblical) {Uriah} the Hittite
18%
No matching quizzes found
Score Distribution
Percent of People with Each Score
Percentile by Number Answered
Your Score History
You have not taken this quiz since the last reset